International journal of trichology

Bibliographic Details
Corporate Author: Hair Research Society of India
Format: Electronic Journal
Language:English
Published: Mumbai : Medknow Publications
Subjects:
Online Access:Full text available from Research Library: 01/01/2009 to present

MARC

LEADER 00000nas a2200000 a 4500
001 ssj0000331106
003 WaSeSS
005 20200512172242.0
006 m d
007 cr n
008 101207c20099999ii fr p s 0 0eng
010 |a  2010325344 
016 7 |a 101534370  |2 DNLM 
022 |a 0974-9241  |l 0974-9241  |y 0974-7753 
025 |a I-E-E-2010-325344; 42 
035 |a (WaSeSS)ssj0000331106 
040 |a DLC  |b eng  |c DLC  |d DLC  |d OCLCQ  |d CUS  |d NLM  |d OCLCF  |d OCLCO  |d OCLCQ  |d OCLCO  |d WaSeSS 
042 |a pcc 
050 1 4 |a RB47.5 
060 0 0 |a W1  |b IN791SM 
210 1 0 |a Int J Trichology  |2 dnlm 
210 0 |a Int. j. trichology (Print) 
222 0 |a International journal of trichology (Print) 
245 0 0 |a International journal of trichology  |h [electronic resource]. 
246 1 |a IJT 
260 |a Mumbai :  |b Medknow Publications 
310 |a Semiannual 
362 0 |a Vol. 1, issue 1 (Jan./June 2009)- 
500 |a Title from cover. 
506 |a License restrictions may limit access. 
550 |a Official publication of The Hair Research Society of India. 
588 |a Latest issue consulted: Vol. 1, issue 2 (Jul./Dec. 2009). 
650 0 |a Hair  |x Analysis  |v Periodicals. 
650 0 |a Hair  |x Diseases  |v Periodicals. 
650 0 |a Dermatology  |v Periodicals. 
650 1 2 |a Hair Diseases. 
650 2 2 |a Scalp Dermatoses. 
650 7 |a Dermatology.  |2 fast  |0 (OCoLC)fst00891059 
650 7 |a Hair  |x Analysis.  |2 fast  |0 (OCoLC)fst00950360 
650 7 |a Hair  |x Diseases.  |2 fast  |0 (OCoLC)fst00950366 
655 0 |a Electronic journals. 
710 2 |a Hair Research Society of India. 
856 4 0 |z Full text available from Research Library: 01/01/2009 to present  |u https://search.proquest.com/publication/226495